Úvod do systémového inženýrství

Salvato in:
Dettagli Bibliografici
Autore principale: Dráb, Zdeněk
Natura: Libro
Lingua:ceco
Pubblicazione: Praha Státní nakladatelství technické literatury 1973
Serie:Knižnice automatizace a regulace
Tags: Aggiungi Tag
Nessun Tag, puoi essere il primo ad aggiungerne!!

MARC

LEADER 00000nam a2200000 4500
001 c127567
005 20041019155241.0
041 0 |a cze 
044 |a CZ 
245 1 0 |a Úvod do systémového inženýrství  |c Zdeněk Dráb 
264 1 |a Praha  |b Státní nakladatelství technické literatury  |c 1973 
300 |a 314 s. 
490 1 |a Knižnice automatizace a regulace 
830 0 |a Knižnice automatizace a regulace 
100 1 |a Dráb, Zdeněk